| 000 | 01503cam a2200229 4500 | ||
|---|---|---|---|
| 001 | ABS66538 | ||
| 008 | 030320n2003 000 0 eng u | ||
| 035 | _a(Sirsi) u121704 | ||
| 245 | _aFirst Property Growth Partnership LP v Royal and Sun Alliance Property Services Ltd | ||
| 260 | _c2003 | ||
| 490 |
_aEstates Gazette _v[2003] 04 EG 156-159(4) |
||
| 520 | _a[2002] EWCA Civ 1687, 27 November 2002. Appeal by respondent landlord (F) over construction of rent review provisions in cl4 of the lease. CA upheld HC's interpretation of the lease declaring that a notice given under cl4(b) may be given at any time during but not more than 12 months before the expiration of each or any of the following year of the term. That is to say every fifth year thereof but not at any other time. Time is of the essence for the service of the notice. Appeal dismissed. View judgment at www.courtservice.gov.uk | ||
| 590 | _aABS | ||
| 650 | _aFIRST PROPERTY GROWTH PARTNERSHIP LP V ROYAL AND SUN ALLIANCE PROPERTY SERVICES LTD | ||
| 650 | _aRENT REVIEWS | ||
| 650 | _aTRIGGER NOTICE | ||
| 650 | _aTIME OF THE ESSENCE | ||
| 650 | _aNOTICES | ||
| 690 | _aLANDLORD AND TENANT-RENT REVIEWS-CASE LAW | ||
| 856 |
_uhttps://www.bailii.org/cgi-bin/markup.cgi?doc=/ew/cases/EWCA/Civ/2002/1687.html&query=First+and+Property+and+Growth+and+Partnership+and+LP+and+v+and+Royal+and+Sun+and+Alliance+and+Property+and+Services+and+Ltd&method=boolean _zView the judgment free of charge at www.bailii.org |
||
| 942 | _n0 | ||
| 999 |
_c72328 _d72328 |
||